Manasā-kābya. (Record no. 70030)

MARC details
000 -LEADER
fixed length control field 00704cam a22002651 4500
001 - CONTROL NUMBER
control field sa 66005590
003 - CONTROL NUMBER IDENTIFIER
control field DLC
005 - DATE AND TIME OF LATEST TRANSACTION
control field 20260227112250.0
008 - FIXED-LENGTH DATA ELEMENTS--GENERAL INFORMATION
fixed length control field 890630m19649999ii b 000 0 asmo
010 ## - LIBRARY OF CONGRESS CONTROL NUMBER
LC control number sa 66005590
035 ## - SYSTEM CONTROL NUMBER
System control number (OCoLC)19954090
040 ## - CATALOGING SOURCE
Original cataloging agency DLC
Transcribing agency WaU
Modifying agency DLC
042 ## - AUTHENTICATION CODE
Authentication code premarc
050 00 - LIBRARY OF CONGRESS CALL NUMBER
Classification number PK1569.M37
Item number M3 1964
100 0# - MAIN ENTRY--PERSONAL NAME
Personal name Manakara,
Dates associated with a name active 15th century.
245 10 - TITLE STATEMENT
Title Manasā-kābya.
260 ## - PUBLICATION, DISTRIBUTION, ETC.
Date of publication, distribution, etc. 1964-
300 ## - PHYSICAL DESCRIPTION
Extent v.
Dimensions 23 cm.
500 ## - GENERAL NOTE
General note In Assamese.
504 ## - BIBLIOGRAPHY, ETC. NOTE
Bibliography, etc. note Bibliographical footnotes.
700 0# - ADDED ENTRY--PERSONAL NAME
Personal name Durgabara,
Dates associated with a name active 1517-1544.
700 1# - ADDED ENTRY--PERSONAL NAME
Personal name Medhi, Kaliram.
700 1# - ADDED ENTRY--PERSONAL NAME
Personal name Barua, Birinchi Kumar,
Dates associated with a name 1910-1964.
700 1# - ADDED ENTRY--PERSONAL NAME
Personal name Sarma, Satyendranath,
Dates associated with a name 1917-

No items available.

Powered by Koha